| 000 | 00818nam a2200241Ia 4500 | ||
|---|---|---|---|
| 003 | Ost | ||
| 005 | 20260507075138.0 | ||
| 008 | 260507s9999||||xx |||||||||||||| ||und|| | ||
| 020 | _a6397169957 | ||
| 040 | _cfsecg | ||
| 041 | _aara | ||
| 082 | _a330 | ||
| 100 |
_aدحدوح، حسين احمد _eمؤلف |
||
| 245 | 0 |
_aمراجعة الحسابات المتقدمة : _bالاطار النظري و الاجراءات العملية .الجزء الثاني / _c حسين احمد دحدوح |
|
| 260 |
_aعمان: _bدار الثقافة, _c2009 |
||
| 300 | _a349 صفحة؛ | ||
| 653 | _aاجور | ||
| 653 | _aاستراتيجية المراجعة | ||
| 653 | _aدورة التمويل | ||
| 653 | _aرواتب | ||
| 700 |
_aالقاضي، حسين يوسف _eمؤلف ثانوي |
||
| 942 | _cكتاب | ||
| 999 |
_c43283 _d43283 |
||